Combien de fois pouvez vous taper la lettre A ? - Statistiques

Statistiques générales
  • Ce quiz a été pris 1 509 fois
  • Le résultat moyen est 96 sur 125
Statistiques - réponses
Réponse % Correct
a
100%
a
99%
a
99%
a
99%
a
98%
a
98%
a
98%
a
98%
a
98%
a
98%
a
98%
a
98%
a
98%
a
98%
a
98%
a
98%
a
97%
a
97%
a
97%
a
97%
a
97%
a
97%
a
97%
a
97%
a
97%
a
97%
a
97%
a
97%
a
96%
a
96%
a
96%
a
96%
a
95%
a
95%
a
95%
a
95%
a
95%
a
95%
a
95%
a
94%
a
94%
a
94%
a
94%
a
94%
a
94%
a
94%
a
94%
a
93%
a
93%
a
93%
a
93%
a
92%
a
92%
a
92%
a
92%
a
91%
a
91%
a
91%
a
91%
a
91%
a
90%
a
90%
a
90%
a
90%
a
90%
a
90%
a
89%
a
89%
a
88%
a
88%
a
87%
a
86%
a
86%
a
86%
a
84%
a
83%
a
83%
a
82%
a
82%
a
81%
a
80%
a
79%
a
78%
a
78%
a
77%
a
75%
a
73%
a
71%
a
69%
a
68%
a
65%
a
63%
a
61%
a
60%
a
58%
a
57%
a
55%
a
53%
a
51%
a
50%
a
48%
a
47%
a
45%
a
44%
a
42%
a
40%
a
39%
a
38%
a
37%
a
36%
a
35%
a
34%
a
32%
a
31%
a
31%
a
30%
a
28%
a
27%
a
26%
a
24%
a
24%
a
24%
a
23%
a
22%
a
21%
Aucun quiz correspondant
Distribution des résultats
% des personnes avec chaque résultat
Percentile par nombre de réponses
Votre historique - résultats
Vous n’avez pas pris ce quiz